Missing Word: WWE Wrestlers (A-Z) Quiz Stats

 Plays Quiz Updated Jun 20, 2017

Support Sporcle.
Go Orange.
Score 0/26 Timer 03:00
0 Plays Today
Hint Answer % Correct
_____ CenaJohn
95.3%
Hulk _____Hogan
95.1%
André the _____Giant
95%
_____ JerichoChris
94.3%
_____ HartBret
93%
Ric _____Flair
92.8%
_____ AngleKurt
91.2%
Brock _____Lesnar
89.9%
Randy _____Orton
89.9%
CM _____Punk
89.9%
Steve _____Austin
89.7%
_____ MysterioRey
88%
Shawn _____Michaels
87.9%
Hint Answer % Correct
_____ HTriple
87.4%
The Ultimate _____Warrior
85.6%
The _____ SheikIron
82.7%
Randy _____Savage
80.9%
Dolph _____Ziggler
80.5%
Rob _____ DamVan
79.5%
Kevin _____Nash
78.3%
_____ GuerreroEddie
77.3%
Ted _____DiBiase
73.8%
Jimmy Wang _____Yang
58.1%
_____ DragónÚltimo
45.1%
_____ KlausXanta
21.6%
_____ Rick McGrawQuickdraw
15.5%

Today's Daily Dose

You're not logged in!

Compare scores with friends on all Sporcle quizzes.
OR
Log In
Forgot?

From the Vault

Movies by Beards

by ElectricalBrain

The Movies by Stubble quiz is really just full of old pictures of Don Johnson and Colin Farrell.
Remove Ads.
Support Sporcle.
Get the best of Sporcle when you Go Orange. This ad-free experience offers more features, more stats, and more fun while also helping to support Sporcle. Thank you for becoming a member.

Show Comments

Extras

Top Quizzes Today


Score Distribution

Your Account Isn't Verified!

In order to create a playlist on Sporcle, you need to verify the email address you used during registration. Go to your Sporcle Settings to finish the process.

Report this User

Report this user for behavior that violates our Community Guidelines.

Details: